Διεθνής μεταναστευτική κίνησις και μεταναστευτική πολιτική

Saved in:
Bibliographic Details
Main Author: Τουρνάκης, Ιωάννης
Format: Book
Language:Greek
Published: Αθήνα : Τουρνάκης, 1931.
Subjects:
Tags: Add Tag
No Tags, Be the first to tag this record!

MARC

LEADER 00000cam a2200000 i 4500
001 1/98707
008 950320s1931 gr | ||| |||| ||gre||
035 |l 10011032 
040 |a GR-MY-UA  |b gre  |e aacr 
041 0 |a gre 
082 7 |a 304.82   |2 (22) 
100 1 |a Τουρνάκης, Ιωάννης. 
245 1 0 |a Διεθνής μεταναστευτική κίνησις και μεταναστευτική πολιτική /   |c Ι. Τουρνάκη.  
260 |a Αθήνα :   |b Τουρνάκης,   |c 1931.  
300 |a 2 τ. :   |b πίν. ;   |c 23 εκ.  
500 |a Μόνο για ανάγνωση. Βρίσκεται σε ειδικό ράφι. Διαθέσιμο εάν ζητηθεί.  
504 |a Περιλαμβάνει βιβλιογραφικές παραπομπές.  
650 0 0 |a Emigration and immigration. 
650 0 0 |a Emigration and immigration  |x Economic aspects. 
852 |a INST  |b LESVOS  |e 19950320  |h 304.82 ΤΟΥ  |p 005100002245  |q 005100002245  |t BK  |y 0 
909 |a Λ  |b 038266 
970 |z 2000/05